Δεύτερες Χώρες ανά Γλώσσα - Statistics

General Stats
  • This quiz has been taken 10 times
  • The average score is 7 of 20
Answer Stats
Γλώσσα #1 #2 % Correct
Ελληνικά Ελλάδα Κύπρος
100%
Αγγλικά Ηνωμένες Πολιτείες Ηνωμένο Βασίλειο
89%
Ρώσικα Ρωσία Ουκρανία
78%
Γερμανικά Γερμανία Αυστρία
67%
Κινέζικα Κίνα Ταϊβάν
67%
Ολλανδικά Ολλανδία Βέλγιο
44%
Πορτογαλικά Βραζιλία Ανγκόλα
33%
Σουηδικά Σουηδία Φινλανδία
33%
Ισπανικά Μεξικό Κολομβία
22%
Πολωνικά Πολωνία Γερμανία
22%
Ρουμάνικα Ρουμανία Μολδαβία
22%
Χμονγκ Κίνα Βιετνάμ
22%
Παντζάμπι Πακιστάν Ινδία
22%
Κέτσουα Περού Βολιβία
22%
Περσικά Ιράν Αφγανιστάν
11%
Ταμίλ Ινδία Σρι Λάνκα
11%
Γαλλικά Γαλλία Λ.Δ. Κονγκό
11%
Τουρκικά Τουρκία Γερμανία
0%
Γιορούμπα Νιγηρία Μπενίν
0%
Ιταλικά Ιταλία Βραζιλία
0%
No matching quizzes found
Score Distribution
Percent of People with Each Score
Percentile by Number Answered
Your Score History
You have not taken this quiz